UBT Library

Encyclopedia of birth control / (Record no. 42950)

000 -LEADER
fixed length control field 00752cam a2200229 a 4500
001 - CONTROL NUMBER
control field 12011523
005 - DATE AND TIME OF LATEST TRANSACTION
control field 20180220092034.0
008 - FIXED-LENGTH DATA ELEMENTS--GENERAL INFORMATION
fixed length control field 000517s2000 azua bd 001 0 eng
010 ## - LIBRARY OF CONGRESS CONTROL NUMBER
LC control number 00009598
020 ## - INTERNATIONAL STANDARD BOOK NUMBER
International Standard Book Number 1573562556 (alk. paper)
040 ## - CATALOGING SOURCE
Original cataloging agency DLC
Transcribing agency DLC
Modifying agency DLC
041 ## - LANGUAGE CODE
Language code of text/sound track or separate title eng
080 ## - UNIVERSAL DECIMAL CLASSIFICATION NUMBER
Universal Decimal Classification number 363.9603 REN
082 00 - DEWEY DECIMAL CLASSIFICATION NUMBER
Classification number 363.9603 REN
Edition number 21
100 1# - Rafti
Rafti 23
101 ## - Shkurtesa
Shkurtesa ENC
245 10 - TITLE STATEMENT
Title Encyclopedia of birth control /
Statement of responsibility, etc Marian Rengel.
504 ## - BIBLIOGRAPHY, ETC. NOTE
Bibliography, etc Includes bibliographical references (p. 253-269) and index.
906 ## - LOCAL DATA ELEMENT F, LDF (RLIN)
a 7
b cbc
c orignew
d 1
e ecip
f 20
g y-gencatlg
942 ## - ADDED ENTRY ELEMENTS (KOHA)
Source of classification or shelving scheme
Item type Books
Holdings
Withdrawn status Lost status Source of classification or shelving scheme Damaged status Not for loan Collection code Permanent location Current location Shelving location Date acquired Total Checkouts Full call number Barcode Date last seen Price effective from Koha item type
          Koleksioni i përgjithshem UBT - Lipjan UBT - Lipjan Koleksioni i përgjithshem 02/20/2018   363.9603 REN 002-2998272 02/20/2018 02/20/2018 Books
UBT Library © 2015-2024. All rights reserved University Education for Business and Technology